000 00433 a2200181 4500
001 131294
020 _a85-01-15401-6
040 _cLeonardo Da Vinci
041 _aPortuguês
082 _a869.93 A494da
_bA494da
100 _aAMADO, Jorge
245 _aDona Flor e seus dois maridos
260 _bRecord
_c1995
_aRio de Janeiro
300 _a395
362 _a19950000
697 _aLiteratura
_aRomance
_aBrasil
942 _cBK
999 _c131294
_d131294